000 00455nam a2200181Ia 4500
001 7604
005 20260306160507.0
008 260306t2015||||xx |||||||||||||| ||spa||
041 _aESP
082 _a352.2
_bM42
100 _aMéndez Martínez, José Luis
_eAUT
245 0 _aAnálisis de políticas públicas:
_bteoría y casos
260 _c2015
300 _a653 páginas :
_c21 cm.
650 _aGEN
654 _aCAN
942 _cLIB
_dJUS
_fJUS
_2ddc
_n
999 _c7604
_d7604